Easy Chemistry True or False - Statistics

General Stats
  • This quiz has been taken 445 times
  • The average score is 7 of 10
Answer Stats
Question Answer % Correct
Helium is a noble gas True
88%
Vinegar is an acid True
85%
Mercury is liquid at room temperature True
83%
Protons orbit the nucleus of an atom False
73%
Oxygen is the most abundant element in the universe False
73%
Chemical reactions can occur in both the forward and reverse direction True
71%
Metals have high melting points True
69%
Atomic mass is the same as molecular mass False
68%
Water is polar True
62%
All bases have hydroxide False
48%
No matching quizzes found
Score Distribution
Percent of People with Each Score
Percentile by Number Answered
Your Score History
You have not taken this quiz